MARC details
| 000 -LEADER |
| campo de control de longitud fija |
01926nam a2200457 i 4500 |
| 001 - NÚMERO DE CONTROL |
| campo de control |
193023 |
| 003 - IDENTIFICADOR DE NÚMERO DE CONTROL |
| campo de control |
SpMaBN |
| 005 - FECHA Y HORA DE LA ÚLTIMA TRANSACCIÓN |
| campo de control |
20250727153129.0 |
| 007 - CAMPO FIJO DE DESCRIPCIÓN FÍSICA--INFORMACIÓN GENERAL |
| campo de control de longitud fija |
ta |
| 008 - DATOS DE LONGITUD FIJA--INFORMACIÓN GENERAL |
| campo de control de longitud fija |
230723s2005 sp a | ||||o001 0dspa |
| 016 7# - NÚMERO DE CONTROL DE UNA AGENCIA BIBLIOGRÁFICA NACIONAL |
| Número de control del registro |
bimoBNE20060295994 |
| Fuente |
SpMaBN |
| 017 ## - NÚMERO DE COPYRIGHT O DE DEPÓSITO LEGAL |
| Número de copyright o de depósito legal |
M 50146-2005 |
| Agencia que asigna |
Oficina Depósito Legal Madrid |
| 020 ## - NÚMERO INTERNACIONAL ESTÁNDAR DEL LIBRO |
| Número Internacional Estándar del Libro |
8488699840 |
| 024 7# - IDENTIFICADOR DE OTROS ESTÁNDARES |
| Número estándar o código |
NIPO 552-05-015-5 |
| Fuente del número o código |
nipo |
| 035 ## - NÚMERO DE CONTROL DEL SISTEMA |
| Número de control de sistema |
(OCoLC)433896627 |
| 035 ## - NÚMERO DE CONTROL DEL SISTEMA |
| Número de control de sistema |
Mimo0002090207 |
| 040 ## - FUENTE DE CATALOGACIÓN |
| Centro catalogador/agencia de origen |
SpMaBN |
| Lengua de catalogación |
spa |
| Centro/agencia transcriptor |
SpMaBN |
| Normas de descripción |
rdc |
| Centro/agencia modificador |
SpMaBN |
| 080 ## - NÚMERO DE LA CLASIFICACIÓN DECIMAL UNIVERSAL |
| Número de la Clasificación Decimal Universal |
016:929 Barga, Corpus |
| 080 ## - NÚMERO DE LA CLASIFICACIÓN DECIMAL UNIVERSAL |
| Número de la Clasificación Decimal Universal |
017.1(460.27 M.) |
| 110 2# - ENTRADA PRINCIPAL--NOMBRE DE ENTIDAD CORPORATIVA |
| Nombre de entidad corporativa o nombre de jurisdicción como elemento de entrada |
Biblioteca Nacional (España) |
| Término indicativo de función/relación |
entidad responsable |
| 9 (RLIN) |
2188 |
| 245 10 - MENCIÓN DEL TÍTULO |
| Título |
Corpus Barga : |
| Resto del título |
inventario de su archivo personal / |
| Mención de responsabilidad, etc. |
[elaboración del inventario, introducción e índices, María José Rucio Zamorano y Eva María Molleja López ; dirección, Julián Martín Abad]. |
| 260 ## - PUBLICACIÓN, DISTRIBUCIÓN, ETC. |
| Lugar de publicación, distribución, etc. |
Madrid : |
| Nombre del editor, distribuidor, etc. |
Biblioteca Nacional, |
| Fecha de publicación, distribución, etc. |
2005 |
| 300 ## - DESCRIPCIÓN FÍSICA |
| Extensión |
140 páginas : |
| Otras características físicas |
ilustraciones ; |
| Dimensiones |
25 cm |
| 336 ## - TIPO DE CONTENIDO |
| Término de tipo de contenido |
Texto (visual) |
| Fuente |
isbdcontent |
| 337 ## - TIPO DE MEDIO |
| Nombre/término del tipo de medio |
sin mediación |
| Fuente |
isbdmedia |
| 338 ## - TIPO DE SOPORTE |
| Fuente |
rdacarrier |
| Nombre/término del tipo de soporte |
volumen |
| 490 1# - MENCIÓN DE SERIE |
| Mención de serie |
Colecciones singulares de la Biblioteca Nacional ; |
| Designación de volumen o secuencia |
8 |
| 500 ## - NOTA GENERAL |
| Nota general |
Índices |
| 500 ## - NOTA GENERAL |
| Nota general |
Catalogación provisional. Signatura: N 8531. Depósito J. |
| 600 14 - PUNTO DE ACCESO ADICIONAL DE MATERIA--NOMBRE DE PERSONA |
| Nombre de persona |
Barga, Corpus, |
| Fechas asociadas al nombre |
1887-1975- |
| Subdivisión general |
Archivo- |
| Subdivisión de forma |
Catálogos |
| 9 (RLIN) |
233826 |
| 610 24 - PUNTO DE ACCESO ADICIONAL DE MATERIA--NOMBRE DE ENTIDAD CORPORATIVA |
| Nombre de entidad corporativa o nombre de jurisdicción como elemento de entrada |
Biblioteca Nacional de España- |
| Subdivisión de forma |
Catálogos |
| 9 (RLIN) |
236667 |
| 700 1# - ENTRADA AGREGADA--NOMBRE PERSONAL |
| Nombre de persona |
Rucio Zamorano, María José, |
| Fechas asociadas al nombre |
1966- |
| Término indicativo de función/relación |
Colaborador |
| 9 (RLIN) |
233800 |
| 700 1# - ENTRADA AGREGADA--NOMBRE PERSONAL |
| Nombre de persona |
Molleja López, Eva María, |
| Fechas asociadas al nombre |
1970- |
| Término indicativo de función/relación |
Colaborador |
| 9 (RLIN) |
233827 |
| 700 1# - ENTRADA AGREGADA--NOMBRE PERSONAL |
| Nombre de persona |
Martín Abad, Julián, |
| Fechas asociadas al nombre |
1946- |
| Término indicativo de función/relación |
Director |
| 9 (RLIN) |
77380 |
| 830 #0 - PUNTO DE ACCESO ADICIONAL DE SERIE-TÍTULO UNIFORME |
| Título uniforme |
Colecciones singulares de la Biblioteca Nacional ; |
| Designación de volumen o secuencia |
8 |
| 9 (RLIN) |
223745 |
| 852 ## - LOCALIZACIÓN |
| Ubicación |
ES-MaACL |
| Sublocalización o colección |
R 153413 |
| Ubicación en estantería |
Depósito J |
| Donativo/Legado |
Donación: Biblioteca Nacional de España |
| Número de control de estantería |
N 8531 |
| Nota libre |
En proceso |
| 914 ## - NOMBRE ENTIDAD DE DONANTE |
| Nombre de congreso/reunión o jurisdicción como elemento de entrada |
Biblioteca Nacional (España) |
| Unidad subordinada |
Donante |
| RLIN |
2188 |
| 942 ## - ELEMENTOS DE ENTRADA SECUNDARIOS (KOHA) |
| Suprimir en OPAC |
No |
| Tipo de ítem Koha |
Libro impreso |